Harper Collins pocket: diccionario español-inglés, english-spanish
Bewaard in:
| Formaat: | Boek |
|---|---|
| Taal: | Spaans Engels |
| Gepubliceerd in: |
Nueva York
Harper Paperbacks
1992
|
| Editie: | 1a. ed |
| Onderwerpen: | |
| Tags: |
Voeg label toe
Geen labels, Wees de eerste die dit record labelt!
|
MARC
| LEADER | 00000nam a2200000 a 4500 | ||
|---|---|---|---|
| 001 | UCH5401 | ||
| 003 | CL-VaPUC | ||
| 008 | 091014e19920000US |||||||||||||||||spa|d | ||
| 020 | |a 9700504948 | ||
| 041 | 0 | 7 | |a spa |2 CL-VaPUC |
| 041 | 0 | 7 | |a eng |2 CL-VaPUC |
| 082 | 0 | 4 | |a 463 |b HAR |2 21 |
| 245 | 1 | 0 | |a Harper Collins pocket: diccionario español-inglés, english-spanish |
| 250 | |a 1a. ed | ||
| 300 | |a 227 p | ||
| 942 | |c BK | ||
| 945 | |d 20091014 00:00:00 |a lazolas | ||
| 260 | |a Nueva York |b Harper Paperbacks |c 1992 | ||
| 650 | 7 | |a ESPAÑOL DICCIONARIOS |2 CL-VaPUC |9 260592 | |
| 650 | 7 | |a INGLES DICCIONARIOS |2 CL-VaPUC |9 316312 | |
| 583 | |a last modification |c 20160520 16:17:09 |k Rodrigo Vera | ||
| 999 | |c 336544 |d 336542 | ||